000 00949nam a2200265Ia 4500
003 OSt
005 20220930190145.0
006 a|||||r|||| 00| 0
007 ta
008 220926b |||||||| |||| 00| 0 hin d
020 _a8181434552 (hbk)
_c150
024 _a97120
037 _b391, 30/01/2009, Vani Prakashan
_cTextbook
040 _aCRL
_cCRL
_bhin
041 _2hin
_ahin
082 _aY5927:3(W).2, 152P8
100 _aराजकिशोर, संपा.
245 0 _aदलित राजनीति की समस्याएॅं
246 _aMere sākṣhātkāra
260 _aनई दिल्ली,
_bवाणी प्रकाशन, भारत
_c2008
300 _a147पृ0
_ccm.
490 _aआज के प्रश्न; 18
942 _hY5927:3(W).2, 152P8
_cTB
_2CC
999 _c891684
_d891684